000 00331nam a22001457a 4500
008 230705b ||||| |||| 00| 0 eng d
020 _a002-800080762
041 _aeng
080 _2FOURTH EDITION
_a573
082 _a573
100 _a16
101 _aEGZ
245 _aEXERCISES FOR THE ZOOLOGY
_cSMITH .G.D
942 _2udc
_cBK
999 _c60095
_d60095